15 Largest Cities in Israel🇮🇱 - Statistics

General Stats
  • This quiz has been taken 47 times
  • The average score is 7 of 15
Answer Stats
Population City % Correct
801k Jerusalem
100%
432k Tel Aviv
98%
267k Haifa
86%
186k Beersheba
58%
171k Netanya
44%
224k Ashdod
42%
105k Ashkelon
40%
128k Ramat Gan
33%
165k Holon
30%
200k Petah Tiqwa
30%
220k Rishon LeZiyyon
26%
128k Bat Yam
21%
154k Bnei Brak
21%
132k Rehovot
21%
400k West Jerusalem
5%
No matching quizzes found
Score Distribution
Percent of People with Each Score
Percentile by Number Answered
Your Score History
You have not taken this quiz